Statistics for Pro Wrestling Nicknames Part One

Click here to take the quiz!

General Stats

  • This quiz has been taken 453 times
  • The average score is 7 of 15

Answer Stats

HintAnswer% Correct
Dusty RhodesThe American Dream
81%
Jim NeidhartThe Anvil
75%
Razor RamonThe Bad Guy
64%
Andre the Giant8th Wonder of the World
61%
Chris BenoitThe Wolverine/Toothless Agression/The Crippler
61%
Jack SwaggerThe All-American American
53%
Ron KillingsThe Truth / R-Truth
53%
Chyna9th Wonder of the World
51%
TazThe Human Suplex Machine
47%
Bam Bam BigelowThe Beast from the East
35%
Tommy DreamerThe Innovator of Violence
23%
Juventud GuerreraThe Juice
19%
Monty BrownThe Alpha Male
18%
KonnanK-Dog
13%
ZeusThe Human Wrecking Machine
6%

Score Distribution

Percentile by Number Answered

Percent of People with Each Score

Your Score History

You have not taken this quiz